| 000 | 00589nam a22002177a 4500 | ||
|---|---|---|---|
| 003 | OSt | ||
| 005 | 20140310183030.0 | ||
| 008 | 130218t xxu||||| |||| 00| 0 eng d | ||
| 020 | _a971232835X | ||
| 050 |
_aPE 1111 _b.R256 2000 |
||
| 082 |
_aFIL 808 _bR19 2000 |
||
| 245 |
_aEnglish in action _cValera-Ravina , Maria Clara _btexts and tasks for college freshmen |
||
| 260 |
_aManila _bRex Book Store _cc2000 |
||
| 300 |
_a436 p. _c24 cm. |
||
| 521 | _acollege students | ||
| 526 | _c1210L-1700L | ||
| 541 | _j1 | ||
| 541 | _j2 | ||
| 562 | _e2 | ||
| 942 |
_2lcc _cBK _kFIL |
||
| 999 |
_c18438 _d18438 |
||